000
00229 a2200097 4500
001
39029
100
_a
Well
245
_a
Lab View Student Edition Windows Package
260
_a
U S A
_b
Prentice Hall
_c
1995
090
_c
24633
_d
24633
942
_a
NUST-CAE
_c
M
_c
16262
999
_c
274102
_d
274102